| 000 | 00971nam a2200337 a 4500 | ||
|---|---|---|---|
| 001 | 000113944 | ||
| 003 | CHAP | ||
| 005 | 20220329144420.0 | ||
| 008 | 171010s2011 mx |r| ||||||spa d | ||
| 010 | _a110405 | ||
| 011 | _a111377 | ||
| 020 | _a9685146721 | ||
| 040 | _cCHAP | ||
| 082 | 0 | 4 |
_a320.1 _bR86 |
| 100 | 1 |
_aRousseau, Juan Jacobo _972882 |
|
| 245 | 1 | 3 |
_aEl contrato social / _cpor Juan Jacobo Rousseau. |
| 260 |
_aMéxico : _bEdiciones Leyenda, _c2011. |
||
| 300 | _a110 p. | ||
| 490 | _aColección clásicos | ||
| 590 |
_aBATCH-UPD _b05 _c20171010 _lUCH01 _h0933 |
||
| 590 |
_aE11695DGD _b10 _c20171105 _lUCH01 _h1352 |
||
| 590 |
_aE5765TAJ _b05 _c20171010 _lUCH01 _h0932 |
||
| 590 |
_aE5765TAJ _b05 _c20171010 _lUCH01 _h1107 |
||
| 590 |
_aE5765TAJ _b05 _c20171010 _lUCH01 _h1112 |
||
| 650 | 1 | 4 |
_aCiencias políticas. _923206 |
| 650 | 1 | 4 |
_aContrato social. _9133728 |
| 830 | 0 | 0 |
_aColección clásicos _924754 |
| 901 | _aBK | ||
| 942 | _cLIBRO | ||
| 942 | _n0 | ||
| 999 |
_c110405 _d110405 |
||